Most Popular English Cuisine - Statistics

General Stats
  • This quiz has been taken 50 times
  • The average score is 7 of 12
Answer Stats
Picture Answer % Correct
Fish and Chips
100%
English Breakfast
89%
Beef Wellington
83%
Shepherd's Pie
77%
Bangers and Mash
66%
Yorkshire Pudding
66%
Hot Cross Buns
64%
Trifle
62%
Banoffee Pie
40%
Apple Sauce
34%
Eton Mess
32%
Lemon Drizzle Cake
26%
No matching quizzes found
Score Distribution
Percent of People with Each Score
Percentile by Number Answered
Your Score History
You have not taken this quiz